000 00427nam a22001457a 4500
003 OSt
005 20241107133117.0
008 241107b |||||||| |||| 00| 0 eng d
040 _c0
100 _aArienza, Cecille V.
_eauthor,.
_963738
245 _aBanghay-aralin sa sining ikaapat na baitang /
_cCecille V. Arienza.
300 _aVolume 66, page 358,359.
700 _aArienza, Cecille V.
_eauthor.
_960930
942 _2ddc
_cPER
999 _c23074
_d23074